[Event "Championnat 13"]
[Site "Vitrolles"]
[Date "2012.10.20"]
[Round "2"]
[White "Tchifteyan, Philippe"]
[Black "Del Vecchio, Alain"]
[Result "1-0"]
[WhiteElo "1650"]
[BlackElo "1767"]
[Annotator "Gozzoli,Y"]
[PlyCount "111"]
[EventDate "2012.??.??"]
[EventType "swiss"]
[EventRounds "6"]
[EventCountry "FRA"]
[SourceDate "2005.09.12"]

1. d4 Nf6 2. c4 g6 3. Nc3 d6 4. Nf3 Bg7 5. e3 $6 ({Pour jouer avec e3 il vaut
mieux jouer d'abord} 5. Bg5) 5... O-O 6. b4 $6 {Une mauvaise conception qui
justifie le positionnement des pièces noires.} c6 $6 {trop passif} (6... c5 $1
{pose de sérieux problèmes aux Blancs sur la diagonale a1-h8.}) 7. Bd3 $6 {Je
ne comprend pas la logique de l'enchaînement des coups b4-Bd3.} (7. Bb2 {
semble plus en logique avec b4.}) 7... Bg4 {Dans l'Est-Indienne il est assez
inhabituel d'échanger ce B sans y être obligé.} (7... e5 $1) 8. h3 Bxf3 9. Qxf3
Nbd7 10. Bb2 Re8 11. O-O $14 {Les Noirs n'ont pas "puni" la conception
douteuse des Blancs dans l'ouverture et se retrouvent maintenant dans une
situation passive.} e5 12. Ne4 $6 (12. Rfd1 $142 Qe7 13. Bf1 $14) 12... Qe7 $6
(12... Nxe4 $1 13. Bxe4 (13. Qxe4 $2 f5 14. Qf3 e4 $19) 13... Qb6 $15) 13.
Nxf6+ Nxf6 14. Qd1 Nd7 $11 15. Re1 f5 16. e4 $2 {Une grosse faute
positionnelle.} (16. Qd2 $14 {était simple et donnait aux Blancs une position
plus agréable. Ils vont pouvoir continuer par a4-a5-b5 et n'ont plus à
craindre une attaque à l'aile-K puisque les Noirs n'ont plus leur fort B de
cases blanches.}) 16... f4 $2 {Les Noirs ne doivent surtout pas jouer cette
structure en absence de leur B de cases blanches, nécessaire pour mener à bien
leur attaque.} (16... exd4 17. exf5 Qxe1+ 18. Qxe1 Rxe1+ 19. Rxe1 Kf7 20. fxg6+
hxg6 {, suivi de a7-a5, donne une excellente position aux Noirs.}) 17. d5 c5
18. b5 $6 {Il ne faut pas fermer la position quand on est en possession de la
paire de B. Après ce coup les Blancs n'ont plus de contre-jeu à l'attaque
noire !} (18. a3 {garde la tension est meilleur.}) 18... Nf6 19. a4 Nh5 $2 {
permet aux Blancs d'améliorer leur position avec tempo.} (19... h5 $1) 20. Be2
Nf6 21. Bg4 {Les Blancs ont réussi à sortir leur mauvais B de la structure de
pions.} h5 $6 {Il ne faut surtout pas permettre aux Blancs d'installer un
"monstre" en e6.} (21... Nxg4 22. Qxg4 Qf7 $11) 22. Be6+ Kh8 23. g4 $2 {
pourquoi vouloir fermer la position ?} (23. h4 $1 $16 {suivi de Ra3 et g2-g3
donnait aux Blancs un sérieux avantage.}) 23... h4 $6 (23... hxg4 $1 24. hxg4
Nh7 $1 25. Kg2 Bf6 26. Rh1 Kg7 $15) 24. Kh2 Nh7 (24... g5 $11) 25. g5 $5 Qxg5 (
{Pourquoi pas} 25... Nxg5 {?}) 26. Rg1 Qf6 27. Qg4 (27. f3 $11) 27... Nf8 28.
Qg5 Qxg5 29. Rxg5 Nxe6 30. dxe6 Rxe6 {[#] Une position amusante ! Les Noirs
ont deux pions de plus mais peuvent difficilement progresser alors que les
Blancs peuvent prendre pour cibles les pions d6-g6-h4. Cependant la nulle est
le résultat le plus probable.} 31. Rg4 a6 32. Rxh4+ Kg8 33. Rg4 axb5 34. axb5
Rxa1 35. Bxa1 Kf7 36. Rg1 Re8 37. Bc3 Ra8 38. Ra1 Rxa1 39. Bxa1 $11 {La finale
est nulle.} Kf6 40. Bc3 b6 $2 (40... Kf7 $11) 41. Ba5 $1 Ke6 $2 (41... d5 $1 {
est la seule chance pour se sauver.} 42. Bxb6 (42. cxd5 bxa5 $1 43. b6 Bf8 $19)
42... dxc4 {avec du contre-jeu.}) 42. Bxb6 $16 {La finale est maintenant très
difficile pour les Noirs.} Kd7 43. Kg2 Kc8 44. Kf3 Bf6 45. Kg4 Kb7 46. Ba5 Be7
47. h4 (47. f3 $1 {avec l'idée Be1-Bh4-Bf6-Kg5 gagne immédiatement.}) 47... Kc8
$2 (47... f3 {était la dernière chance.}) 48. h5 (48. f3) 48... gxh5+ 49. Kxh5
Kd7 50. f3 Bf6 51. Kg6 Bd8 52. Bxd8 Kxd8 53. Kf5 Kd7 54. b6 Kc6 55. Ke6 Kxb6
56. Kxd6 1-0

[Event "Championnat 13"]
[Site "Vitrolles"]
[Date "2012.10.20"]
[Round "2"]
[White "Urcun, Gael"]
[Black "Bertrand, Alexandre"]
[Result "0-1"]
[WhiteElo "1689"]
[BlackElo "1706"]
[Annotator "Gozzoli,Y"]
[PlyCount "94"]
[EventDate "2012.??.??"]
[EventType "swiss"]
[EventRounds "6"]
[EventCountry "FRA"]
[SourceDate "2005.09.12"]

1. e4 e5 2. Bc4 {Le début du Fou, une ouverture très semblable à l'Italienne
mais qui comporte quelques nuances importantes.} Nf6 3. d3 c6 $1 {Voici la
première nuance de taille. Les Noirs profitent de l'absence de N en c6 pour
essayer de rapidement pousser d7-d5. Cependant cette poussée n'est pas si
évidente puisque les Blancs pourront prendre pour cibles les pions noirs au
centre.} 4. Nf3 d5 5. Bb3 a5 $5 {Une continuation intéressante ayant pour but
d'affaiblir la position du Bb3} (5... dxe4 $6 6. Ng5 $1) (5... Bd6 6. Nc3 dxe4
7. Ng5 O-O 8. Ncxe4 {est l'autre continuation.}) 6. a3 a4 7. Ba2 Bd6 8. O-O O-O
(8... dxe4 $1 9. Ng5 O-O 10. Nxe4 Nxe4 11. dxe4 Qe7 {est plus précis et donne
une bonne position aux Noirs.}) 9. Bg5 Be6 10. Re1 (10. exd5 {est intéréssant}
cxd5 11. Nc3 Ra5 $1 {le seul coup pour maintenir le centre noir.} 12. Re1 Nbd7
13. Bh4 $15) 10... Nbd7 (10... h6 $5) 11. Nc3 Qb6 12. exd5 cxd5 13. Rb1 d4 $6 {
une faute stratégique.} (13... Ra5 $1 14. Bxf6 $140 Nxf6 15. Nxe5 d4 $1 $17)
14. Bxe6 dxc3 15. Bxd7 Nxd7 16. bxc3 Qc7 17. Bc1 $1 Qxc3 18. Bb2 (18. Rxb7 $142
Qc6 19. Rb1 Rac8 20. c4 Rfd8 $14 {Les Blancs ont toujours un pion de plus mais
les Noirs ont des compensations grâce à la faiblesse des pions a3 et d3.})
18... Qc7 19. h3 $6 {passif} (19. d4 $1 {était très intéréssant afin de
profiter de l'inactivité des R noires.}) 19... Rfc8 $6 (19... Rfe8 $142) 20.
Ng5 $6 (20. d4 $1) 20... Be7 21. Nf3 (21. Qh5 Bxg5 22. Qxg5 Qxc2 23. d4 $11)
21... Qxc2 22. Nxe5 Qxd1 23. Rbxd1 Nxe5 24. Rxe5 Bf6 25. Rb5 Bxb2 26. Rxb2 Rc3
$15 {les Noirs sont un peu mieux dans cette finale, mais la partie devrait
logiquement se terminer par la nulle.} 27. d4 Rxa3 28. d5 Rb3 {[#]} 29. Re2 $4
{la faute décisive.} (29. Rxb3 axb3 30. Rb1 Ra3 31. d6 Kf8 32. Re1 b2 33. d7
Ra8 34. Rb1 Ke7 35. Rxb2 Rb8 36. Rd2 Rd8 37. Rb2 Rxd7 $15 {les Blancs ont des
chances de nulle mais vont devoir défendre avec précision.}) 29... Rc3 $2 (
29... Rd8 $1 $19 {suivi de Kf8 et b5 gagne.}) 30. d6 $1 $132 Rcc8 31. d7 Rd8
32. Rb2 Rab8 33. f3 $2 (33. Rb6 $1 $44) 33... Kf8 (33... b5 $1) 34. Re2 $2 (34.
Rb5 $1 b6 35. Rd3 $132) 34... b5 {maintenant tout est fini.} 35. Re5 Rb7 (35...
b4 $1 36. Ra5 b3 37. Rxa4 b2 38. Rb1 Rxd7 39. Rc4 Rd2 $19) 36. Rdd5 (36. Rde1
$5 {est plus tenace.} Rbb8 37. Rb1 (37. Rd1) 37... Rxd7 38. Rbxb5 Rxb5 39. Rxb5
Ra7 {bien qu'également compromis.}) 36... Rdxd7 (36... a3 $1 37. Rxb5 a2 $19)
37. Rxd7 Rxd7 38. Rxb5 Ra7 39. Kf2 a3 40. Rb1 a2 41. Ra1 Ke7 42. Ke3 Ra4 43.
Kd3 Kd6 44. Kc3 Kd5 45. Kd3 Ra3+ 46. Ke2 Kc4 47. Kd2 Kb3 0-1

[Event "Championnat 13"]
[Site "Vitrolles"]
[Date "2012.10.20"]
[Round "2"]
[White "Colandrea, Sauveur"]
[Black "Montanelli, Tristan"]
[Result "1-0"]
[WhiteElo "1839"]
[BlackElo "1678"]
[Annotator "Gozzoli,Y"]
[PlyCount "66"]
[EventDate "2012.??.??"]
[EventType "swiss"]
[EventRounds "6"]
[EventCountry "FRA"]
[SourceDate "2005.09.12"]

1. e4 c5 2. Nf3 e6 3. d4 cxd4 4. Nxd4 Qb6 $5 {une variante rare, spécialité du
GMI lituanien Kveynis et souvent employée par Judith Polgar ou Nigel Short.} 5.
Nb3 (5. Nc3 Bc5 6. Na4 Qa5+ 7. Nc3 (7. c3 $5 Bxd4 8. Qxd4 Nf6 9. Nc5 Nc6 10.
Qe3 O-O $13) 7... Qb6 8. Na4 Qa5+ 9. Nc3 Qb6 {est une nulle théorique connue.})
(5. Be3 Bc5 (5... Qxb2 $6 6. Nd2 $1 $36) 6. Nd2 $6 Bxd4 $1 7. Nc4 Bxe3 8. Nxb6
Bxb6 $17) 5... Qb4+ $6 {[#] un echec prématuré qui ne fait qu'aider les Blancs
à se développer.} (5... Qc7 6. Bd3 Nf6 7. O-O d6 8. c4 {est la continuation
classique. Voir Nisipeanu-Ivanchuk, Foros 2008}) 6. Nc3 Nf6 7. a3 $1 Qb6 8. Be3
(8. e5 $1 {est très pénible puisqu'il semble que} Ng8 {soit forcé.} 9. Be3 Qd8
(9... Qc7 10. Nb5 $1 Qxe5 11. Nd2 $1 Nc6 12. Nc4 Qb8 13. Ncd6+ Bxd6 14. Nxd6+
Kf8 15. Qh5 $18) 10. Nd2 $1 $18) 8... Qc6 $2 (8... Qc7 $142) 9. Qf3 {trop mou !
} (9. Nd4 $1 Qc7 10. Ndb5 $1 Qd8 11. Bf4 Na6 12. e5 $1 Ng8 13. Ne4 $18 {gagne
en force}) 9... a6 10. Be2 (10. Na5 $1 Qc7 11. Nc4 {pose de sérieux problèmes
aux Noirs !}) 10... b5 $2 (10... d6) 11. O-O {décidemment les Blancs prennent
leur temps !} (11. e5 $1 Nd5 12. Nxd5 exd5 13. O-O-O $18) 11... Qc7 12. e5 Bb7
13. Qf4 Nd5 14. Nxd5 Bxd5 {finalement, après une ouverture ratée, les Noirs
s'en sortent sans trop de mal. Mais ils doivent encore faire attention} 15. Bf3
$6 (15. Nd2 $1 {avec l'idée c2-c4 était critique.}) 15... Bxf3 16. Qxf3 Nc6 $11
{maintenant tout va bien !} 17. Bf4 g6 $2 {une sérieuse faute qui affaiblit
les cases noires.} (17... Be7 18. Rad1 (18. Qg3 g5 $1 $15 (18... O-O $11))
18... O-O 19. Qg3 Rfd8 $11) 18. Rfe1 $6 (18. Rad1 $1 Bg7 $140 $2 19. Nc5 $1 Rd8
20. Qe3 $40) 18... Bg7 19. Qe4 O-O $11 20. Nd2 Rac8 21. c4 $6 {trop
affaiblissant.} (21. Rac1 $142) 21... Qb6 (21... Qd8 $1 {avec l'idée f7-f6 est
très fort.}) 22. b4 Qd4 23. Qxd4 (23. Rad1 $142) 23... Nxd4 24. Rac1 f6 25.
exf6 Rxf6 (25... Bxf6 26. c5 d5 $1 $11) 26. Be5 Rff8 27. c5 Rf5 $6 (27... Bxe5
$1 28. Rxe5 d6 $1 29. Ree1 dxc5 30. bxc5 Rfd8 $11) 28. Bxg7 Kxg7 29. Ne4 $16
Rd5 30. Rcd1 $6 (30. Nc3 Rg5 31. Re4 Nc6 32. Rd1 Rc7 33. Re3 $16) 30... Kf8 $4
(30... Nc2 $1 $11) 31. Nc3 $18 Nc2 32. Nxd5 Nxe1 33. Nb6 Nc2 1-0

[Event "Championnat 13"]
[Site "Vitrolles"]
[Date "2012.10.20"]
[Round "2"]
[White "Bouillot, Quentin"]
[Black "Derien, Robert"]
[Result "1-0"]
[WhiteElo "1692"]
[BlackElo "1699"]
[Annotator "Gozzoli,Y"]
[PlyCount "157"]
[EventDate "2012.??.??"]
[EventType "swiss"]
[EventRounds "6"]
[EventCountry "FRA"]
[SourceDate "2005.09.12"]

1. d4 Nf6 2. c4 e5 {Le Gambit de Budapest} 3. dxe5 Ng4 (3... Ne4 $6 {le Gambit
Fajarowicz, très douteux théoriquement parlant mais très compliqué d'un point
de vue pratique !}) 4. Nf3 Nc6 5. Bf4 (5. e3) 5... Bb4+ 6. Nbd2 Qe7 7. e3 {la
continuation favorite d'Anatoly Karpov.} Ngxe5 8. Nxe5 Nxe5 9. Be2 d6 (9... b6
10. O-O Bxd2 11. Qxd2 Bb7 (11... d6 12. e4 $1 Bb7 13. f3 O-O 14. Bg3 f5 15.
exf5 Rxf5 16. f4 Nc6 17. Rae1 $16 {Fedorowicz,J-Shain,R/New York op/1991/1-0/
33/}) 12. c5 $1 bxc5 13. Qa5 d6 14. Bxe5 dxe5 15. Rfc1 $16 {Solozhenkin,
E-Stiazhkin,V/Leningrad/1990/1-0/34/ Schippel:Budapester Gambit}) (9... Bxd2+ {
Schussler} 10. Qxd2 d6 11. O-O Bd7 12. Rac1 Bc6 13. b4 O-O 14. c5 $14 {Brglez,
R-Mlacnik,F, Bled op 1992 CBM 29 game 27}) (9... O-O 10. O-O d6 11. Nb3 {
Karpov, A-Short, Candidates 1992}) 10. Bxe5 $6 {une grosse faute stratégique,
il n'y a aucune raison de donner la paire de B.} (10. O-O Bd7 11. a3 (11. Nb3
Ba4) 11... Bxd2 12. Qxd2 f6 13. b4 Rd8 14. Bh5+ Nf7 15. c5 $1 Bb5 16. Rfd1 d5
17. e4 $5 (17. a4 $5) 17... Ba4 18. exd5 $14 {Ivanchuk,V-Epishin,V/Terassa/
1991/1/2-1/2/47/}) 10... dxe5 11. O-O O-O 12. a3 Bxd2 13. Qxd2 Be6 $11 {les
Noirs ont confortablement égalisé.} 14. Rfd1 f5 $6 {Je n'aime pas ce coup. Le
jeu va se dérouler au centre et sur l'aile-Q, il n'y a donc aucune raison
d''affaiblir ainsi le pion e5 et les cases noires.} 15. Qa5 $6 (15. Qc3 $5 Qf6
16. c5 $14) 15... c5 $1 {le Be2 est maintenant bloqué derrière son propre pion
c4.} 16. Qc3 Qc7 17. Rd2 Rad8 18. Rad1 Rxd2 19. Rxd2 e4 20. b4 b6 21. h3 f4 $6
{affaiblit le pion e4 sans raison.} (21... Rf7 $11) 22. exf4 Qxf4 23. Qe3 Qe5
$6 (23... Qxe3 24. fxe3 Rb8 $1 $11) 24. bxc5 bxc5 25. Bf3 $14 Rb8 $2 (25...
Bxc4 26. Qxe4 Qxe4 27. Bxe4 $14 {les Blancs ont un léger avantage. La
structure est favorable et le Be4 très fort.}) (25... Bf5 26. g4 Bg6 27. Be2
$14) 26. Bxe4 $16 Qa1+ 27. Kh2 Qe5+ 28. g3 Qf6 $2 (28... Kh8 $142) 29. Qxc5 (
29. Rd6 $1 {gagne de suite} Re8 30. Bd5 Kf7 31. Ra6 $18) 29... Qh6 30. Rd1
Qxh3+ 31. Kg1 Qg4 32. Qd6 Re8 33. Re1 (33. Rd4 $1) 33... g6 $4 (33... Bf7) 34.
Bd5 (34. Bc6 $1 $18) 34... Kf7 35. Qd7+ Re7 36. Bxe6+ $2 (36. Qd6 $1 {avec
l'idée Re4-Rf4 est imparable. Les Noirs sont en zugzwang.}) 36... Qxe6 37. Rxe6
$4 (37. Qxe7+ Qxe7 38. Rxe7+ Kxe7 39. Kf1 {avec une finale gagnante.}) 37...
Rxd7 $14 {maintenant les Noirs ont des chances de sauver la partie.} 38. Rc6
Rb7 39. Kg2 Kg7 (39... Ke7 $1 {le K doit être actif en finale !}) 40. Kh3 Kh6
41. Kg4 Rf7 42. f4 Kg7 43. c5 h5+ 44. Kh4 Rb7 $2 (44... Rf5 $142) 45. Rc8 $2 (
45. Kg5 $18) 45... Kf6 (45... Rb3 $1 46. a4 Rc3 $132) 46. g4 hxg4 47. Kxg4 a5
$2 (47... Rb1 $1 {Il faut activer la R derrière le pion passé.}) 48. Ra8 $2 {
[#]} (48. c6 $1 $18) 48... Rb5 $1 $132 49. Ra6+ Kg7 50. c6 Rc5 51. Ra7+ Kf6 52.
c7 Ke6 53. c8=Q+ $2 (53. Rxa5 $1 Rxc7 {nous obtenons la même position avec le
trait aux Blancs !}) 53... Rxc8 54. Rxa5 Kf7 55. Kg5 Rc6 $2 (55... Rc3 $1 56.
Ra7+ Ke6 57. Kxg6 Rg3+ 58. Kh5 Kf5 59. Rf7+ Ke6 60. Rf8 Rxa3 $11) 56. a4 $2 (
56. Ra7+ $1 Kg8 57. a4 $18) 56... Kg7 $2 (56... Rc7 $1) 57. Ra8 $6 {Cette
partie aura pour mérite de souligner la nécessité de travailler les finales !}
(57. Ra7+ Kf8 58. a5 $18) 57... Rc5+ 58. Kg4 Rc7 59. a5 Kf7 $2 (59... Rc1 $1)
60. Ra6 $6 (60. a6 $1 Rc2 61. a7 $1 Ra2 62. Rh8 $1) 60... Rc5 61. Ra8 Ke7 $2
62. Kh4 $6 (62. a6 Ra5 63. a7 $18) 62... Kd7 63. Ra6 $2 (63. a6 $18) 63... Kc7
$2 (63... Rh5+ $1 64. Kg4 Rf5 65. Ra7+ (65. Rxg6 Rxa5 $11) 65... Kc8) 64. Rxg6
Rxa5 65. Rg5 $4 (65. Re6 $18 {il faut couper le K noir !}) 65... Ra8 $2 (65...
Ra4 $1 66. Kg4 Kd6 67. Re5 Ra8 $11) 66. f5 $2 (66. Rg7+ $1 Kd6 67. f5 $18)
66... Kd7 $2 (66... Rh8+ $1 67. Kg4 Kd7 68. Rg7+ Ke8 69. Kg5 Kf8 70. Rb7 Rh2
71. Kg6 Rf2 $11) 67. Rg7+ $18 {maintenant les Blancs vont conclure sans être
très précis.} Kd6 68. Kg5 Rf8 69. f6 Re8 70. Kf5 (70. f7 $1 Re5+ (70... Rf8 71.
Kf6) 71. Kf4 $18) 70... Re5+ 71. Kg6 Re1 72. Rg8 Rg1+ 73. Kf7 Rf1 74. Ra8 Ke5
75. Ke7 Re1 76. f7 Kf5+ 77. Kd6 Rd1+ 78. Kc5 Rc1+ 79. Kd4 1-0

[Event "Championnat 13"]
[Site "Vitrolles"]
[Date "2012.10.20"]
[Round "2"]
[White "Estevez, Ange"]
[Black "Vallette, Patrick"]
[Result "0-1"]
[WhiteElo "1628"]
[BlackElo "1800"]
[Annotator "Chauvet,V"]
[PlyCount "66"]
[EventDate "2012.??.??"]
[EventType "swiss"]
[EventRounds "6"]
[EventCountry "FRA"]
[SourceDate "2005.09.12"]

1. e4 e6 2. d4 d5 3. Nc3 Bb4 4. e5 c5 5. a3 Bxc3+ 6. bxc3 {Voici la structure
de pions typique de la variante Winawer : les Blancs ont l'avantage d'espace
en compensation de leurs pions doublés.} Qc7 {[#]} 7. Bb5+ $2 {Les Blancs ne
doivent surtout pas échanger les fous de cases blanches! Le Bc8 est un
problème à résoudre dans la défense Française.} (7. Qg4 Ne7 8. Qxg7 Rg8 9. Qxh7
cxd4 10. Ne2) 7... Bd7 8. Bxd7+ Nxd7 9. Nf3 Ne7 10. O-O h6 11. a4 Rc8 12. Rb1
Nb6 13. dxc5 $6 {Les Blancs détruisent leur structure de pions.} Nxa4 14. Qd4
Nxc5 15. Ba3 b6 16. Bxc5 (16. c4 {donne de meilleures chances de contre-jeu
aux Blancs.}) 16... Qxc5 17. Qa4+ Nc6 18. Nd4 O-O 19. Nxc6 Rxc6 20. Qxa7 Qxc3
21. Rxb6 Rxb6 22. Qxb6 Qxc2 {Le pion passé protégé des Noirs leur donne une
finale gagnante.} 23. h3 Rc8 24. Qd6 Qc7 25. Qa6 Rb8 26. Ra1 $2 {Donne un
deuxième pion sans compensations.} Qxe5 27. Qa7 Qb2 28. Rd1 Qb6 29. Qd7 Rd8 30.
Qa4 d4 31. Qc2 e5 32. Rb1 Qd6 33. Qd3 Qc6 0-1

[Event "Championnat 13"]
[Site "Vitrolles"]
[Date "2012.10.20"]
[Round "2"]
[White "Figier, Anthony"]
[Black "Scamaroni, Jean-Paul"]
[Result "1-0"]
[WhiteElo "1764"]
[BlackElo "1678"]
[Annotator "Gozzoli,Y"]
[PlyCount "73"]
[EventDate "2012.??.??"]
[EventType "swiss"]
[EventRounds "6"]
[EventCountry "FRA"]
[SourceDate "2005.09.12"]

1. d4 Nf6 2. c4 g6 3. g3 Bg7 4. Bg2 O-O 5. Nf3 d6 6. O-O Nbd7 7. Nfd2 $6 $146 {
Une nouveauté théorique dans une position où rien de moins que 18 coups
avaient déjà été recensé ! Cependant les Noirs peuvent punir cette idée en
jouant de manière active.} (7. Nc3 {est le coup principal.}) 7... c5 $1 8. d5
Rb8 (8... b5 $5 9. cxb5 a6 $1 10. bxa6 Bxa6 11. Nc3 {mène à une position du
Benkö ou le Nd2 n'est pas à sa place.}) 9. a4 a6 10. Nc3 b6 $6 {trop passif !}
(10... Ne8 $5 {avec l'idée Nc7 suivi de b7-b5 donne aux Noirs un bon
contre-jeu.}) 11. h3 Qc7 12. Ra3 {La R est toujours utile sur la 3ème rangée,
mais pas nécessairement dans ce cas précis.} (12. f4 $5) (12. e4 $5) 12... Re8
13. Rb3 {Pourquoi empêcher un coup qui n'est pas menacé ?} Nf8 $6 {les Noirs
sont beaucoup trop passifs. Il faut essayer d'ouvrir la position pour donner
de bonnes cases aux pièces.} (13... e6 $5) 14. e4 N6d7 15. f4 $16 {les Blancs
ont maintenant un jeu très simple et agréable.} Bd4+ $6 {un échec inutile qui
va poser de sérieux problèmes aux Noirs.} (15... e6 {était la dernière chance.
Maintenant les Blancs vont mener l'initiative avec style.}) 16. Kh2 e5 $6 {[#]
la logique de l'échec précédent mais maintenant les cases noires sont
affaiblies.} 17. Ne2 $1 {un excellent coup qui souligne les problèmes de
l'enchaînement noir.} exf4 18. Nxd4 $1 {un super sacrifice de pion pour
l'initiative.} fxg3+ 19. Rxg3 cxd4 20. b3 $3 {Une belle conception. Par ce
petit coup, les Blancs libèrent le Nd2 de la protection de c4 et préparent la
mise en place de la batterie sur la grande diagonale a1-h8.} Ne5 21. Nf3 Nxf3+
$2 {la faute décisive.} (21... Nfd7 {pour maintenir la grande diagonale fermée,
était nécessaire bien qu'après} 22. Nxd4 Bb7 23. Qd2 $18 {les Blancs
conservent un gros avantage.}) 22. Rgxf3 f5 23. Qxd4 {avec l'idée Bb2} Rxe4 {
[#] Les Blancs vont maintenant terminer avec une grande précision} 24. Qxe4 $1
fxe4 25. Rxf8+ Kg7 26. Bb2+ Kh6 27. R8f7 $1 {[#] la pointe !} Qc5 (27... Qd8
28. Bc1+ g5 29. Bxe4 $1 Rb7 30. R1f6+ Kh5 31. Bf3+ {suivi du mat en h6 !}) 28.
b4 {pour dévier la Q du contrôle de e3.} (28. R1f4 $3 {aurait pu être une
conclusion élégante d'une partie bien menée !} Rb7 (28... g5 29. R4f6+ Kh5 30.
Rxh7#) (28... Bf5 29. Rh4+ Kg5 30. Bf6# $1) 29. Rh4+ Kg5 30. Bf6+ $1 Kf5 31.
Bxe4#) 28... Qxc4 29. Bc1+ Qxc1 30. Rxc1 Bf5 31. Rcc7 Re8 32. h4 Kh5 33. Rfe7
Rxe7 34. Rxe7 Kxh4 35. Bxe4 h5 36. Bxf5 gxf5 37. Re6 1-0

[Event "Championnat 13"]
[Site "Vitrolles"]
[Date "2012.10.20"]
[Round "2"]
[White "Muhajiz, Gibran"]
[Black "Parroco, Pierre-Jean"]
[Result "1/2-1/2"]
[WhiteElo "1444"]
[BlackElo "1713"]
[Annotator "Gozzoli,Y"]
[PlyCount "92"]
[EventDate "2012.??.??"]
[EventType "swiss"]
[EventRounds "6"]
[EventCountry "FRA"]
[SourceDate "2005.09.12"]

1. e4 e5 2. Nf3 Nc6 3. d4 exd4 4. Nxd4 Nf6 5. Nc3 Bb4 6. Nxc6 bxc6 7. Bd3 d5 8.
exd5 cxd5 9. O-O O-O 10. Bg5 c6 11. Qf3 {[#] Nous avons obtenu la position
principale de la variante des 4 Cavaliers.} Be7 (11... Bd6 $5 {est une autre
possibilité intéréssante et plus active.}) 12. Rfe1 Be6 (12... h6 $4 {est une
célèbre faute} 13. Bxh6 $1 gxh6 14. Qe3 $1 Be6 15. Qxh6 {avec une attaque
gagnante.}) 13. Ne2 h6 14. Bh4 $6 (14. Bf4 $142 c5 15. c3 $11) 14... Qd7 $6 (
14... g5 $1 15. Bg3 Bg4 16. Qe3 Re8 17. Qd2 Ne4 $15) 15. h3 (15. Nd4 $1 Bg4
$140 $2 16. Rxe7 $3 Qxe7 (16... Bxf3 17. Rxd7 Nxd7 18. Nxf3 $18) 17. Qxg4 Nxg4
18. Bxe7 $18) 15... Rae8 16. Nd4 $14 {/=} Nh7 $6 {une légère imprécision qui
permet aux Blancs de simplifier la position à leur avantage.} (16... Bd8 $142)
17. Bxe7 Rxe7 {[#]} 18. Nf5 $6 (18. Bxh7+ $1 Kxh7 19. Qa3 $1 $16 {Les Blancs
ont un gros avantage. En effet, le Nd4 domine l'échiquier et, plus
particulièrement, le Be6. De plus ce N est indélogeable et la structure noire
est fixée.}) 18... Bxf5 $1 19. Rxe7 Qxe7 20. Qxf5 Nf6 $11 {Maintenant les
Noirs ont égalisé.} 21. Kf1 $6 (21. Qf4 Re8 22. Rd1 c5 23. b3 $11) 21... Re8
22. Rd1 Qe5 $6 (22... Qb4 $1 23. b3 a5 $15) 23. Qxe5 Rxe5 24. c4 $1 $14 {En
finale, quand les deux camps possèdent des pions sur les deux ailes, le B est
généralement supérieur au N. Cependant en faire la démonstration est bien
entendu loin d'être évident !} Kf8 25. cxd5 Rxd5 26. Be2 (26. Ke2 $142 Ke7 27.
Rc1) 26... Rxd1+ 27. Bxd1 c5 {Les chances blanches sont préférables mais la
nulle est probable.} 28. Ke2 Nd7 29. Kd3 Ke7 $6 (29... Nb6 $142) 30. Kc4 Kd6
31. g3 $6 (31. Kb5 $14) 31... a6 32. f4 Nb6+ 33. Kd3 f6 {le K blanc s'est fait
repousser, les Noirs ont presque égalisé.} 34. Bb3 g5 35. Bc4 a5 36. Bg8 gxf4
37. gxf4 Nd5 $6 (37... f5 $1 $11) 38. Bxd5 $1 Kxd5 39. b3 $1 Kd6 $4 (39... f5
$8 $11) 40. Kc4 Kc6 41. h4 h5 42. a4 $4 (42. f5 $1 Kd6 43. a3 $1 Kc6 44. a4 $22
Kd6 45. Kb5 Ke5 46. Kxa5 Kxf5 47. Kb6 Kg4 48. a5 f5 49. a6 f4 50. a7 f3 51.
a8=Q $18) 42... f5 $11 43. Kc3 Kd6 44. Kc4 Kc6 45. Kc3 Kd5 46. Kd3 Kd6 1/2-1/2